Чаша яда (Запись № 12530386)

Подробности
000 -МАРКЕР
контрольное поле 03248nam0a2200385 4500
001 - ИДЕНТИФИКАТОР ЗАПИСИ
контрольное поле RU\NLR\BIBL_A\012884344
005 - ИДЕНТИФИКАТОР ВЕРСИИ
контрольное поле 20221024161813.0
010 ## - МЕЖДУНАРОДНЫЙ СТАНДАРТНЫЙ НОМЕР КНИГИ (ISBN)
Номер (ISBN) 978-5-4469-1907-9
Тираж 500
021 ## - НОМЕР ГОСУДАРСТВЕННОЙ РЕГИСТРАЦИИ
Код страны Российская Федерация
Номер КН-П-22-046509
Номер Листа государственной регистраци КН-П-22-4015
035 ## - ДРУГИЕ СИСТЕМНЫЕ НОМЕРА
Идентификатор записи (NLR Aleph) 012884344
035 ## - ДРУГИЕ СИСТЕМНЫЕ НОМЕРА
Идентификатор записи (RuMoRGB)011145375
100 ## - ДАННЫЕ ОБЩЕЙ ОБРАБОТКИ
Данные общей обработки 20220908d2021 u y0rusy50 ca
101 1# - ЯЗЫК РЕСУРСА
Язык текста, звукозаписи и т.д. русский
-- вьетнамский
-- французский
Язык оригинала вьетнамский
102 ## - СТРАНА ПУБЛИКАЦИИ ИЛИ ПРОИЗВОДСТВА
Страна публикации Российская Федерация
105 ## - ПОЛЕ КОДИРОВАННЫХ ДАННЫХ: ТЕКСТОВЫЕ МАТЕРИАЛЫ, МОНОГРАФИЧЕСКИЕ
Кодированные данные о монографическом текстовом документе ac z 000ay
181 #0 - ПОЛЕ КОДИРОВАННЫХ ДАННЫХ: ВИД СОДЕРЖАНИЯ
Код вида содержания (ISBD) i3
Код характеристики содержания (ISBD) axxe
182 #0 - ПОЛЕ КОДИРОВАННЫХ ДАННЫХ: ТИП СРЕДСТВА
Код типа средства (ISBD) n - непосредственное
200 1# - ЗАГЛАВИЕ И СВЕДЕНИЯ ОБ ОТВЕТСТВЕННОСТИ
Основное заглавие Чаша яда
Сведения, относящиеся к заглавию комедия
Первые сведения об ответственности Ву Динь Лонг
Последующие сведения об ответственности перевод с вьетнамского языка [Бритова Игоря Викторовича]
-- предисловие: Нго Ты Лап, д-р филос. наук
-- иллюстрации: Эрик Леру
203 ## - ВИД СОДЕРЖАНИЯ И ТИП СРЕДСТВА
Вид содержания Текст
Дополнительные сведения об издании визуальный
Тип средства непосредственный
210 ## - ПУБЛИКАЦИЯ, РАСПРОСТРАНЕНИЕ И ДР.
Место издания, распространения и т.д. Москва
-- Санкт-Петербург
Имя издателя, распространителя и т. д. Нестор-История
Дата издания, распространения и т.д. 2021
215 ## - ФИЗИЧЕСКАЯ ХАРАКТЕРИСТИКА
Специфическое обозначение материала и объем 229, [1] с.
Другие сведения о физической характеристике цв. ил., портр.
Размеры 21
300 ## - ОБЩИЕ ПРИМЕЧАНИЯ
Текст примечания Текст рус., вьет., фр.
330 ## - РЕЗЮМЕ ИЛИ РЕФЕРАТ
Текст примечания "Чаша яда" - пьеса вьетнамского драматурга Ву Динь Лонга (1896-1960), впервые выходит на русском языке в год своего столетнего юбилея. Опубликованная и поставленная на сцене Большого театра Ханоя в 1921 г., она ознаменовала переход от традиционного музыкального театра к драматическому, который таким образом, минуя классические этапы развития, сразу шагнул в период модернизма. "Чаша яда" стала первым произведением, которое отражало социальные проблемы своей эпохи под критическим углом зрения. Колкая сатира, мастерское построение диалогов, театральность действия характеризуют уникальный стиль автора. Современные читатели Вьетнама, Франции, а теперь и России имеют возможность удостовериться в том, что сбылось пророчество литератора Нгуен Мань Бонга, прозвучавшее в далеком 1921-м: "В будущем история вьетнамской драматургии будет, вероятно, отсчитываться начиная с "Чаши яда" Ву Динь Лонга"
333 ## - ПРИМЕЧАНИЯ ОБ ОСОБЕННОСТЯХ РАСПРОСТРАНЕНИЯ И ИСПОЛЬЗОВАНИЯ
Текст примечания 12+
686 1# - ИНДЕКСЫ ДРУГИХ КЛАССИФИКАЦИЙ
Индекс Ш6(5В)07-6{Лх2060}
686 1# - ИНДЕКСЫ ДРУГИХ КЛАССИФИКАЦИЙ
Индекс Ш6(5В)-6{Лх2060}
700 #1 - ИМЯ ЛИЦА - ПЕРВИЧНАЯ ОТВЕТСТВЕННОСТЬ
Графика поля Кириллица
Материалы, к которым относится поле rus
Начальный элемент ввода Ву Динь Лонг
Дополнения к именам, кроме дат драматург
Даты 1896-1960
Системный номер авторитетной/нормативной записи 247763
Идентификатор авторитетной/нормативной записи RU\NLR\AUTH\770247819
702 #1 - ИМЯ ЛИЦА - ВТОРИЧНАЯ ОТВЕТСТВЕННОСТЬ
Начальный элемент ввода Бритов
Часть имени, кроме начального элемента ввода И. В.
Расширение инициалов личного имени Игорь Викторович
Код отношения Переводчик
702 #1 - ИМЯ ЛИЦА - ВТОРИЧНАЯ ОТВЕТСТВЕННОСТЬ
Начальный элемент ввода Леру
Часть имени, кроме начального элемента ввода Э.
Расширение инициалов личного имени Эрик
Код отношения Карикатурист, Художник
942 ## - ДОПОЛНИТЕЛЬНЫЕ ЭЛЕМЕНТЫ ЗАПИСИ (АБИС)
Тип экземпляра АБИС Книга
980 ## - КОЛЛЕКЦИЯ
Название коллекции Национальная библиография
Экземпляры
Тип экземпляра Дата поступления Источник поступления Библиотека постоянного хранения Библиотека текущего хранения Место хранения Шифр хранения Штрих-код Статус экземпляра
Книга 08.09.2022 Обязательный экземпляр РНБ (Московский) РНБ (Московский) Русский книжный фонд: издания с 1957 года 2022-3/24854 1-3968266  
Книга 08.09.2022 Обязательный экземпляр РНБ (Московский) РНБ (Московский) Русский книжный фонд: издания с 1957 года 2022-3/24854 1-3968265